00786nam a2200253Ia 4500008004100000020001800041050001500059050001700074100002500091245002900116245004100145260001300186260002500199260000900224300001600233300002600249300001100275500002000286650007300306650001300379650003800392650005400430650004800484160819s9999 xx 000 0 und d a1-85626-567-6 aCUL RC 862 b.I77B73 2005 aBraimbridge, Sophie. aHealthy eating for IBS / cSophie Braimbridge, Erica Jankovich. aLondon : bKyle Cathie Limited, c2005 a144 pages : bcolor illustrations ; c22 cm. aIncludes index. aColon (Anatomy) -- Diseases -- Nutritional aspects -- Popular works. aCooking. aIrritable colon -- Popular works. xIrritable colon -- Diet therapy -- Popular works. xIrritable colon -- Diet therapy -- Recipes.